Регионална библиотека "Любен Каравелов" - Русе

Занаятите в района на Русенската търговско-индустриална камара (Запис номер 159843)

MARC детайли
000 -Лидер
Контролно поле с фиксирана дължина 02319nam a2200421 a 4500
003 - Код на организацията, давaща контролен номер
Контролно поле BLK
005 - Дата и час на последна редакция
Контролно поле 20240502162437.0
008 - Елементи от данни с фиксирана дължина
fixed length control field 180410b bul|||||r ||||||| ||bul||
010 ## - Наследен системен номер
LC control number KNG00167042000
040 ## - Източник на каталожния запис
Идентификатор на билиотеката - собственик на записа BLK
041 ## - Код за език
Код за езика на текст/звукозапис или на отделно заглавие Български
Код за езика КДБФ Български
072 #7 - Код за тематичната категория
Код организация bullib
Код за тематична категория К
Текст Краезнание
080 ## - УДК
Текстов определител УДК Занаятчийски промишлени производствени системи
УДК код - определител по УДК 334.71
УДК определител (497.215)
УДК - код + определител 334.71(497.215)
080 ## - УДК
Текстов определител УДК Обществен живот. Народен бит
УДК код - определител по УДК 394
УДК определител (497.215)
УДК - код + определител 394(497.215)
100 ## - Редна дума - Автор
Автор Николов, Иван
Авторска отговорност първи автор
R(LIN) 432751
139 ## - Редно поле
Редна дума Николов, Иван
Авторски знак Николо - Н 74
245 10 - Сведения за заглавието
Заглавие Занаятите в района на Русенската търговско-индустриална камара
Подзаглавни данни Според данните, добити от произведената през 1928 година анкета : Докл. на началника на Занаятчийския отд. при Камарата Иван Николов, четен в общото годишно събр. на същата - ХХХV редовна сесия
Редно поле (дума) Иван Николов.
257 ## - Страна на издаване
Страна на създаване/издаване България
260 ## - Област на издателските данни
Място на издаване, разпространение и проч. Русе
Име на издателя, разпространителя и проч. Търг.-индустр. камара
Година на издаване 1930
Печатница Русе : Роглев
300 ## - Физическа характеристика
Страници 9 с.
Размери/Мащаб 23 см
Съпровождащи материали 9 л. табл.
380 ## - Жанр
Жанр Обществени науки
650 #4 - Допълнително описание по предмет – тема
Основно описание – тема или топоним Камари, търговско-индустриални
9 (RLIN) 280620
650 #4 - Допълнително описание по предмет – тема
Основно описание – тема или топоним Занаяти - България
9 (RLIN) 245990
651 #4 - Допълнително описание по предмет - топоним
Географско понятие Русе
9 (RLIN) 179462
653 ## - Ключова дума – ненормативна
Ключова дума РТИК
653 ## - Ключова дума – ненормативна
Ключова дума занаяти
653 ## - Ключова дума – ненормативна
Ключова дума статистика
653 ## - Ключова дума – ненормативна
Ключова дума сесии
659 ## - Тематичен бюлетин
Тематичен бюлетин К
852 ## - Местоположение
Форматна сигнатура Цб 40865
852 ## - Местоположение
Форматна сигнатура К 334/Н 74
Фондова буква Краезнание
856 4# - Електронен адрес и достъп
Електронен формат pdf - файл
Инструкция (цена за достъп) 0.00
Права за достъп Достъп за регистрирани потребители
Име на файл Занаятите в района на Русенската търговско-индустриална камара
Път до файла /url/ http://185.138.176.146:18082/cgi-bin/koha/opac-retrieve-file.pl?id=cc82ab6b464559d6e975ad453fa5ef02
Допълнителна информация (Корица, съдържание, пълен текст, звуков файл, HTML файл) Електронна книга
Информация за съдържанието Занаятите в района на Русенската търговско-индустриална камара
856 4# - Електронен адрес и достъп
Електронен формат pdf - файл
Инструкция (цена за достъп) 0.00
Права за достъп disable
999 ## - СИСТЕМНИ КОНТРОЛНИ НОМЕРА
Koha biblionumber 159843
Koha biblioitemnumber 159843
942 ## - АРТИКУЛИ
Вид на библиотечния материал Книги
Скрит в OPAC Не
Периодичен библиозапис Да
Koha issues (borrowed), all copies 1
944 ## - СЪЗДАВАНЕ И РЕДАКЦИЯ на ЗАПИСА
Създаване/Редакция Създаване
Дата на регистрацията/редакция 07.11.2014
Статус, дата на статуса Валя Йорданова
Служител, извършил регистрацията/редакцията 30558
944 ## - СЪЗДАВАНЕ И РЕДАКЦИЯ на ЗАПИСА
Създаване/Редакция Редакция
Дата на регистрацията/редакция 2023-04-24
Служител, извършил регистрацията/редакцията Кети
999 ## - СИСТЕМНИ КОНТРОЛНИ НОМЕРА
Koha biblioitemnumber 159843
Наличности
Код за отписване Код за изгубен артикул Източник на класификационната схема Код за повреда Коз за рестрикции Код за отдаване Артикулен № Име на библиотеката - собственик Име на библиотеката, в която се намира в момента Статус (Текущо местоположение) Дата на вписване в системата Местоположение - отдел Цена в лева Инвентарен номер Систематично азбучна сигнатура Баркод Номер на екземпляра Цена в евро Служебна бележка Служебен тип на артикула
  Не е изгубен Universal Decimal Classification Не е повреден без рестрикции ползва се в читалня 267158 Регионална библиотека "Любен Каравелов" Русе Регионална библиотека "Любен Каравелов" Русе Краезнание 1930-01-01 Краезнание 0.30 16983/66 К 334/Н 74 900000003200 1 0.15 N: Сф Дата: 01.01.1930 Дата инв: 09.11.2017 Бележки инв: К2017 Книги
  Не е изгубен Universal Decimal Classification Не е повреден без рестрикции ползва се в читалня 267159 Регионална библиотека "Любен Каравелов" Русе Регионална библиотека "Любен Каравелов" Русе Хранилище 1930-01-01 Основен фонд - ползва се само за читалня 0.06 12863/57 Цб 40865 900000095027 2 0.03 Вид: Сф N: стар фонд Дата: 01.01.1930 Книги
Vip Innovations Ltd, Rousse, Bulgaria 2025